000 00617nam a2200217Ia 4500
003 GCL
008 140319s9999 xx 000 0 ara d
040 _aGCL /
_cGCL
082 0 4 _a635.4
_bأ ف
100 1 _aوزارة الزراعة
245 1 0 _aالفراولة strawberry /
_cوزارة الزراعة
700 1 _aامين عكاشة
700 1 _aكامل يعقوب
700 1 _aفهمى فضل
260 _a[S.N] :
_bمركز الدعم الاعلامى للتنمية ،
_c1994
300 _a350 ص
490 _a
650 0 4 _aالزراعة
650 0 4 _aالفراولة
942 _2ddc
_cBK
999 _c36506
_d36506